[Event "Barcelona Sants op 19th"]
[Site "Barcelona"]
[Date "2017.08.25"]
[Round "8"]
[White "Ramesh, R."]
[Black "Agdestein, Simen"]
[Result "1/2-1/2"]
[WhiteElo "2470"]
[BlackElo "2604"]
[PlyCount "122"]
[EventDate "2017.08.18"]
[EventType "swiss"]
[EventRounds "10"]
[EventCountry "ESP"]
[SourceTitle "CBM 180 Extra"]
[Source "ChessBase"]
[SourceDate "2017.10.06"]
[SourceVersion "1"]
[SourceVersionDate "2017.10.06"]
[SourceQuality "1"]

1. e4 e6 2. d4 d5 3. Nd2 Nf6 4. e5 Nfd7 5. c3 c5 6. Bd3 Nc6 7. Ngf3 a5 8. 0-0 a4 9. Bc2 a3 10. c4 Be7 11. cxd5 exd5 12. dxc5 Nxc5 13. bxa3 Bg4 14. h3 Bh5 15. Nb3 Ne6 16. Re1 Bxa3 17. Bxa3 Rxa3 18. Qd3 d4 19. Nfd2 Bg6 20. Qc4 d3 21. Bb1 0-0 22. Re3 Qb8 23. Nf3 Rc8 24. Bxd3 Nxe5 25. Nxe5 Rxc4 26. Bxc4 Qd6 27. Bxe6 fxe6 28. Nc4 Qb4 29. Nxa3 Qxa3 30. Rd1 b5 31. Nd4 Qa4 32. Rd2 Qc4 33. Nf3 h6 34. a3 Kh7 35. Kh2 Be8 36. Ne5 Qf4+ 37. Kg1 Qf6 38. Rc2 Qd8 39. Rc1 Qd2 40. Rc8 Bh5 41. g4 Qd1+ 42. Kh2 Qf1 43. Rf8 Be8 44. h4 g5 45. h5 Kg7 46. Ref3 Qe2 47. Rxe8 Qxe5+ 48. Kh3 Qe1 49. Re7+ Kg8 50. Kh2 Qe5+ 51. Kg2 Qe4 52. Kg3 Qe5+ 53. Kh3 Qe1 54. Rff7 Qh1+ 55. Kg3 Qg1+ 56. Kf3 Qd1+ 57. Ke3 Qb3+ 58. Ke4 Qd5+ 59. Ke3 Qb3+ 60. Ke2 Qc2+ 61. Kf3 Qd1+ 1/2-1/2